Guess the animal on the picture - Statistics

General Stats
  • This quiz has been taken 28 times
  • The average score is 8 of 16
Answer Stats
Picture Answer % Correct
cat
100%
dog
100%
alligator
96%
monkey
91%
porcupine
74%
mule
70%
toucan
70%
capybara
61%
hamster
48%
Tasmanian Devil
39%
salamander
30%
crane
22%
okapi
17%
crown pigeon
13%
flying fox
13%
guanaco
4%
No matching quizzes found
Score Distribution
Percent of People with Each Score
Percentile by Number Answered
Your Score History
You have not taken this quiz